| 000 | 01446nam a2200349 c 4500 | ||
|---|---|---|---|
| 003 | BLK | ||
| 005 | 20190812093821.0 | ||
| 008 | 180411b bul|||||r ||||||| ||bul|| | ||
| 010 | _aKNG00190603000 | ||
| 020 |
_a978-954-330-364-9 _bиздат.: Унискорп |
||
| 040 | _aBLK | ||
| 041 |
_aBUL _cBUL |
||
| 072 | 7 |
_2bullib _aН83 _xЧужда художествена литература Н |
|
| 080 |
_aИталианска литература _b821.131.1 _x-31 _z821.131.1-31 |
||
| 100 | 1 |
_aВоло, Фабио _eпърви автор _949198 |
|
| 700 | 1 |
_aСарайдарова, Румяна Стефанова _eпрев. от итал. _9371683 |
|
| 139 |
_aВоло, Фабио _bВ 82 |
||
| 245 | 1 | 0 |
_aКътче в света _bРоман _cФабио Воло; прев. от итал. Румяна Стефанова Сарайдарова. |
| 257 | _aITA | ||
| 260 |
_аСофия _bУнискорп _c2011 _fСофия : Инвестпрес |
||
| 300 |
_a232 с. _c20 см |
||
| 380 | _aX | ||
| 490 | 1 | _aПоредица Литературни звезди | |
| 500 | _aОриг. загл. Un posto del mondo / Fabio Volo. - Фабио Воло - псевд. на Fabio Bonetti. | ||
| 653 | _aромани | ||
| 659 | _aН | ||
| 852 | _aЦб 282377 | ||
| 856 | 4 |
_qpdf _u |
|
| 856 | 4 |
_qpdf _u |
|
| 942 |
_cKNG _n0 _01 |
||
| 944 |
_aCR _c19.09.2016 _lф / _kВиолета_Тройчева |
||
| 944 |
_aED _c04.01.2017 _lф / _kЛюдмила_Стоянова |
||
| 999 |
_c181697 _d181697 |
||